000
00314nam a2200133Ia 4500
100
_a
Atthreya/N.H
942
_c
BK
654
_a
public speaking
245
_a
Public speaking committe meetings
260
_b
MMC School Of Management
_a
Mumbai
_c
1984
082
_a
658.452
_b
ATT
300
_a
126
546
_a
ENGLISH
999
_c
17830
_d
17830